Beyond the horizon : keeping America moving : the future of the nation's air transportation system, 1988-2020 /

Bibliographic Details
Corporate Author: American Association of State Highway and Transportation Officials
Format: Book
Language:English
Published: Washington, D.C. : The Association, [1990]
Subjects:

MARC

Tag First Indicator Second Indicator Subfields
LEADER 00000cam a2200000 a 4500
001 in00000990443
005 20150927154402.0
008 900626s1990 dcua b 00000 eng d
035 |a (OCoLC)21920806 
035 |9 AEY1499AM 
040 |a TRL  |c TRL  |d TXA  |d UtOrBLW 
043 |a n-us--- 
049 |a TXAM 
090 |a TL521  |b .B48 1990 
245 0 0 |a Beyond the horizon :  |b keeping America moving : the future of the nation's air transportation system, 1988-2020 /  |c prepared by the American Association of State Highway and Transportation Officials. 
264 1 |a Washington, D.C. :  |b The Association,  |c [1990] 
264 4 |c ©1990 
300 |a xii, 64 pages :  |b illustrations ;  |c 28 cm. 
336 |a text  |b txt  |2 rdacontent 
337 |a unmediated  |b n  |2 rdamedia 
338 |a volume  |b nc  |2 rdacarrier 
500 |a "October 1989." 
504 |a Includes bibliographical references. 
650 0 |a Aeronautics  |z United States  |x Forecasting. 
650 0 |a Aeronautics and state  |z United States. 
710 2 |a American Association of State Highway and Transportation Officials. 
999 |a MARS 
999 f f |s 6c79b6e9-fc01-3275-889e-0676c57b8d6d  |i 746f7e8e-7a9a-371a-abf1-4033e7b70e13  |t 0 
952 f f |p ric  |a Texas A&M University  |b Rellis Campus  |c Joint Library Facility  |d Remote Storage  |t 0  |e TL521 .B48 1990  |h Library of Congress classification  |i unmediated -- volume  |m A14814071735 
998 f f |a TL521 .B48 1990  |t 0  |l Remote Storage